000 00814nas a2200253 4500
001 BR2012004239
003 BR-BrBNA
005 20231205120704.0
007 ta
008 230509b bl.|||p| |||| 00| 00por d
040 _aBR-BrBNA
_bpor
_cBiblioteca Nacional de Agricultura
041 _a(Pt)
072 _aH60
100 1 _aGroth, D.
245 1 _aMorfologia das unidades de dispersão e das plântulas das POLYGONCEAE invasoras no Rio Grande do Sul, Brasil
650 _aPLÂNTULA
650 _aERVA-DANINHA
650 _aRIO GRANDE DO SUL
650 _aDISTRIBUIÇÃO GEOGRÁFICA
650 _aDISPERSÃO DE SEMENTE
773 0 _tIheringia. Série Botânica (Brazil)
_xISSN 0073-4705
_g(Sep 1986), v. 35 p. 45-63
_wBR2012004239
909 _a202311
_bLúcia
_c55
_dLúcia Elande
942 _2AGRIS
_n0
_cANA
999 _c219782
_d219782